000 00474cam a2200181Ka 4500
020 _a0471365920
040 _cUBP
082 _a621 JWI 1999 A043 Or.
100 1 _aThomas, Roland E.,
245 1 4 _aThe analysis and design of linear circuits /
246 3 0 _aDesign of linear circuits
246 3 0 _aLinear circuits
250 _a2. ed
260 _aNew York :
_bJ. Wiley,
_cc1999
300 _a966, [58] p. :
_bil. ;
_c25 cm
700 1 _aRosa, Albert J.,
942 _cEK
999 _c12607
_d12607